Statistics for Words With No Letters Duplicated (A-Z)

Click here to take the quiz!

General Stats

  • This quiz has been taken 28 times
  • The average score is 18 of 26

Answer Stats

LetterDefinitionAnswer% Correct
BA place were pastries are soldBakery
100%
LA person who practices lawLawyer
96%
OA fruit and a colorOrange
96%
CA block of wax with a wick that produces light when burnedCandle
92%
HA person who uses computers to gain unauthorized access to dataHacker
88%
DA North Germanic language, or a sweet treatDanish
84%
KA pair of organs located in the right and left side of the abdomenKidney
84%
NTortilla chips topped with melted cheese and other toppingsNachos
84%
VTo disapearVanish
84%
ANot presentAbsent
76%
FA bird of prey found on all continents except AntarcticaFalcon
76%
MThe president of France or the President of VenezuelaMacron / Maduro
76%
E10 x 5 +10 + 8 + 2 +5 + 5 =Eighty
72%
IMoney received on a regular basis for workIncome
72%
RA contagious viral disease of dogs and other mammals that causes madnessRabies
72%
TSynonym for a pub or barTavern
72%
WTo aimlessly, indirectly, or casually meanderWander
68%
UThe person who rules on the plays in a gameUmpire
64%
YA dairy product made from milk fermented by added bacteriaYogurt
64%
SA person who works as a crew member of a commercial or naval ship or boatSailor
60%
POne that begets or brings forth offspringParent
56%
GA waiter in a French restaurant or hotelGarcon
44%
QCharacterized by peculiar or unexpected traitsQuirky
28%
ZAn imaginary belt of the heavensZodiac
24%
JAnother word for prison guardJailor
20%
XGreek concept of hospitalityXenia
4%

Score Distribution

Percentile by Number Answered

Percent of People with Each Score

Your Score History

You have not taken this quiz